Monetary compensation in tort law: issues of adequacy and justice (Record no. 530653)
[ view plain ]
| 000 -LEADER | |
|---|---|
| fixed length control field | 01472nam a22001457a 4500 |
| 008 - FIXED-LENGTH DATA ELEMENTS--GENERAL INFORMATION | |
| fixed length control field | 250630b ||||| |||| 00| 0 eng d |
| 100 ## - MAIN ENTRY--PERSONAL NAME | |
| Personal name | Kanika and Saroha, Sonal |
| 245 ## - TITLE STATEMENT | |
| Title | Monetary compensation in tort law: issues of adequacy and justice |
| 260 ## - PUBLICATION, DISTRIBUTION, ETC. (IMPRINT) | |
| Place of publication, distribution, etc | Bihar Journal of Public Administration |
| 300 ## - PHYSICAL DESCRIPTION | |
| Extent | 21(2s), Jul-Dec, 2024: p.536-548 |
| 520 ## - SUMMARY, ETC. | |
| Summary, etc | Tort law is fundamentally aimed at compensating victims for losses they suffer due to the wrongful actions of others. Historically, monetary compensation has served as the primary mechanism for compensating harm, be it personal injury, property damage, or economic loss. However, the adequacy of monetary compensation in achieving justice is increasingly being questioned. This also sermon reconnoitres the issues surrounding the adequacy of monetary awards in tort law and examines whether they serve justice beyond mere economic restitution. By snooping into principles of fairness, human suffering, and socioeconomic inequalities, this article posits that the current framework for monetary compensation in tort cases is insuffi cient and calls for a rethinking of how justice can be achieved for victims. - Reproduced http://www.iipabiharbranch.org/upload/BJPA%20Vol.%20XXI%20No%202(S).pdf |
| 650 ## - SUBJECT ADDED ENTRY--TOPICAL TERM | |
| Topical term or geographic name as entry element | adequacy, restorative justice, fairness and equity, corrective justice, monetary compensation, tort law |
| 9 (RLIN) | 54870 |
| 942 ## - ADDED ENTRY ELEMENTS (KOHA) | |
| Item type | Articles |
| Withdrawn status | Lost status | Source of classification or shelving scheme | Damaged status | Not for loan | Permanent location | Current location | Date acquired | Barcode | Date last seen | Koha item type |
|---|---|---|---|---|---|---|---|---|---|---|
| Indian Institute of Public Administration | Indian Institute of Public Administration | 2025-06-30 | AR136445 | 2025-06-30 | Articles |
